Legal problems of correctional, mental health, and juvenile detention facilities. (Record no. 1403)

MARC details
000 -LEADER
fixed length control field 01018nam a2200241 a 4500
005 - DATE AND TIME OF LATEST TRANSACTION
control field 20260322212059.0
008 - FIXED-LENGTH DATA ELEMENTS--GENERAL INFORMATION
fixed length control field data
010 ## - LIBRARY OF CONGRESS CONTROL NUMBER
LC control number 75-309608
090 ## - LOCALLY ASSIGNED LC-TYPE CALL NUMBER (OCLC); LOCAL CALL NUMBER (RLIN)
Classification number (OCLC) (R) ; Classification number, CALL (RLIN) (NR) KF 9728 .Z9 L4 1975
001 - CONTROL NUMBER
control field data
245 00 - TITLE STATEMENT
Title Legal problems of correctional, mental health, and juvenile detention facilities.
Statement of responsibility, etc. edited by William A. Carnahan & Practising Law Institute.
260 ## - PUBLICATION, DISTRIBUTION, ETC.
Place of publication, distribution, etc. New York
Name of publisher, distributor, etc. Practising Law Institute
Date of publication, distribution, etc. 1975
300 ## - PHYSICAL DESCRIPTION
Extent 576 p. ;
Dimensions 22 cm.
490 0# - SERIES STATEMENT
Series statement Criminal law and urban problems course handbook series ; no. 76
500 ## - GENERAL NOTE
General note "C4-3192."
500 ## - GENERAL NOTE
General note "Prepared for distribution at the Legal Problems of Correctional, Mental Health and Juvenile Detention Facilities Workshop, February 27-28, 1975, New York City."
500 ## - GENERAL NOTE
General note Includes bibliographical references.
650 #4 - SUBJECT ADDED ENTRY--TOPICAL TERM
Topical term or geographic name entry element Correctional law
Geographic subdivision United States
650 #4 - SUBJECT ADDED ENTRY--TOPICAL TERM
Topical term or geographic name entry element Juvenile detention homes
General subdivision Child
Geographic subdivision United States
650 #4 - SUBJECT ADDED ENTRY--TOPICAL TERM
Topical term or geographic name entry element Mental health facilities
General subdivision Child
Geographic subdivision United States
700 1# - ADDED ENTRY--PERSONAL NAME
Personal name Carnahan, William A.
710 2# - ADDED ENTRY--CORPORATE NAME
Corporate name or jurisdiction name as entry element Practising Law Institute.
Holdings
Withdrawn status Lost status Damaged status Not for loan Home library Current library Shelving location Date acquired Total checkouts Full call number Barcode Date last seen Price effective from Koha item type
        Franklin Franklin General stacks 22/03/2026   GEN BC0011450 22/03/2026 22/03/2026 Books